2010s Picture Decoder - Statistics

General Stats
  • This quiz has been taken 1,188 times
  • The average score is 14 of 22
Answer Stats
Letter Clue Answer % Correct
I Social media Instagram
98%
O Celebrity Michelle Obama
94%
N Cathedral Notre-Dame de Paris
88%
T Activist Greta Thunberg
86%
F Toy Fidget spinner
85%
E Singer Billie Eilish
84%
L Song Let It Go
84%
W Singer The Weeknd
77%
N Console Nintendo Switch
76%
R TV show Rick and Morty
75%
R Actress Margot Robbie
74%
E Movie Avengers: Endgame
72%
I Movie Interstellar
68%
V Social media Vine
60%
D Song Despacito
57%
A Protests Arab Spring
46%
E Politician Recep Tayyip Erdoğan
43%
O Company OpenAI
39%
N Country Nepal
31%
V City Vancouver
30%
A Movie The Artist
28%
Quote: I Don't WannaLive Forever
19%
No matching quizzes found
Score Distribution
Percent of People with Each Score
Percentile by Number Answered
Your Score History
You have not taken this quiz